000 00638nam a22001817a 4500
999 _c21014
_d21014
003 AR-CdUCM
008 190724b ||||| |||| 00| 0 spa d
040 _aMUNICIPALIDAD PROVINCIAL DEL CUSCO
_cBIBLIOTECA MUNICIPAL DEL CUSCO
082 _aC / 920 /
_bL32
100 _aLazo Echarri, Flavio
_943804
245 _aMemoria leída por el presidente de la corte superior de justicia :
260 _aCuzco :
_bEl Comercio,
_c1963.
300 _a140 páginas ;
_c21 cm.
500 _aEn ceremonia de apertura del año judicial de 1963, y correspondiente al de 1962 a 1963.
650 _aMemorias
_9235
942 _2ddc
_cLIBROS
945 _azta